000 00392nam a2200145 4500
001 109979
003 ES-MaACL
005 20230906184944.0
007 t|
008 061121s1909 sp r ||||1| spa d
245 0 0 _aOposiciones al cuerpo de aspirantes a la Judicatura y Ministerio Fiscal.
260 _aMadrid :
_bReus,
_c1909.
300 _a8 v. ;
_c22 cm.
852 _aES-MaACL
_jF-4040-47
999 _c109979
_d109979